<?xml version="1.0" encoding="UTF-8"?>
<marc:record xmlns:marc="http://www.loc.gov/MARC21/slim">
   <marc:leader>00000nam a2200000 a 4500</marc:leader>
   <marc:datafield ind1="1" ind2=" " tag="100">
      <marc:subfield code="a">Kirchhoff, Bodo</marc:subfield>
      <marc:subfield code="4">aut</marc:subfield>
      <marc:subfield code="e">Verfasser/-in</marc:subfield>
   </marc:datafield>
   <marc:datafield ind1=" " ind2=" " tag="653">
      <marc:subfield code="a">Mörder</marc:subfield>
   </marc:datafield>
   <marc:datafield ind1=" " ind2=" " tag="653">
      <marc:subfield code="a">Vergangenheitsbewältigung</marc:subfield>
   </marc:datafield>
   <marc:datafield ind1=" " ind2=" " tag="653">
      <marc:subfield code="a">Softcover / Belletristik/Erzählende Literatur</marc:subfield>
   </marc:datafield>
   <marc:datafield ind1=" " ind2=" " tag="653">
      <marc:subfield code="a">Frankfurt; Gefängnis; Liebe; Tennis; Verbrechen; Eifersucht</marc:subfield>
   </marc:datafield>
   <marc:datafield ind1=" " ind2=" " tag="653">
      <marc:subfield code="a">Fiktionale Darstellung</marc:subfield>
   </marc:datafield>
   <marc:datafield ind1=" " ind2=" " tag="653">
      <marc:subfield code="a">Belletristische Darstellung</marc:subfield>
   </marc:datafield>
   <marc:datafield ind1=" " ind2=" " tag="653">
      <marc:subfield code="a">Erzählende Literatur</marc:subfield>
   </marc:datafield>
   <marc:datafield ind1="0" ind2="0" tag="245">
      <marc:subfield code="a">Gegen die Laufrichtung</marc:subfield>
   </marc:datafield>
   <marc:datafield ind1="0" ind2="0" tag="245">
      <marc:subfield code="b">Novelle</marc:subfield>
   </marc:datafield>
   <marc:datafield ind1="0" ind2="0" tag="245">
      <marc:subfield code="c">Bodo Kirchhoff</marc:subfield>
   </marc:datafield>
   <marc:datafield ind1=" " ind2="1" tag="264">
      <marc:subfield code="a">Frankfurt, M.</marc:subfield>
      <marc:subfield code="b">Frankfurter Verl.-Anst.</marc:subfield>
      <marc:subfield code="c">2013</marc:subfield>
   </marc:datafield>
   <marc:datafield ind1=" " ind2=" " tag="250">
      <marc:subfield code="a">1. Aufl.</marc:subfield>
   </marc:datafield>
   <marc:datafield ind1="1" ind2=" " tag="520">
      <marc:subfield code="a">Angaben aus der Verlagsmeldung

Gegen die Laufrichtung / von Bodo Kirchhoff

Ein gerade aus dem Gefängnis Entlassener, früher erfolgreicher Tennisspieler, sucht den Ort auf, an dem sein Verbrechen geschah: das Operncafé. Erkennt man ihn noch? Die Frau, die sich zu ihm setzt, erinnert sich seiner jedenfalls nicht; sie sieht nur einen Mann, der das Lieben verlernt hat, das fällt in ihr Ressort. Sie stellt ihm Fragen, schon wird es intim, der Frau ist das geläufig. Eigentlich wollte sie ein Gutachten schreiben, auf dem Tisch liegt ihre Aktentasche – Geschenk jenes Mannes, den es immer noch gibt, auch wenn der Entlassene an diesem Tag inständig hofft, er möge nicht existieren. Bodo Kirchhoffs Novelle ist die Momentaufnahme eines Stadtlebens und zweier Menschen, und sie wirft ein Licht auf unsere leichte Zeit voller riskanter Wünsche.
</marc:subfield>
   </marc:datafield>
   <marc:datafield ind1=" " ind2=" " tag="020">
      <marc:subfield code="a">9783627001940</marc:subfield>
      <marc:subfield code="9">9783627001940</marc:subfield>
   </marc:datafield>
   <marc:datafield ind1=" " ind2=" " tag="041">
      <marc:subfield code="a">ger</marc:subfield>
   </marc:datafield>
   <marc:datafield ind1=" " ind2=" " tag="300">
      <marc:subfield code="a">62 S.</marc:subfield>
   </marc:datafield>
</marc:record>
